000 00205 a2200097 4500
001 52547
100 _aSmith, Wilbur
245 _aA Falcon Flies
260 _aLondon
_bPan Books
_c
090 _c33034
_d33034
942 _aNUST-CAE
_cM
_c25597
999 _c287620
_d287620